000 00457cam a2200169ua 4500
001 15608
008 120410n1998 II |||gr||||Z||||||eng
040 _aMAIN
041 _aEnglish
082 _a515.3 MAR
100 _aMARON , I.A.
245 _aFUNCTIONS OF ONE CALCULAS OF ONE VARIABLE (WITH ELEMENTS OF THEORY )
260 _aNEW DELHI
_bCBS PUBLISHERS & DISTRIBUTORS
_c1998
300 _a453:
_c22CM.
653 _aDifferential Calculus
942 _cBK
999 _c15493
_d15493